000 01383nam0a22003251 4500
001 v19\rc\1324679
005 20260406071327.0
035 _a(NLR Aleph) 004559898
090 _a2259297
_c2259297
100 _a20060512d1838 |||y0rusy50 ca
101 0 _arus
102 _aRU
105 _ay z |||||
200 1 _aО жизни и трудах иеромонаха Аникита, в мире князя Сергия Александровича Шихматова
_eЧит. в Рос. акад. 29 окт. 1838 г.
210 _aСанкт-Петербург
_cтип. Рос. акад.
_d1838
215 _a[2], 56 с.
_d22
300 _aАвт. установлен по изд.: Брокгауз и Ефрон. Энцикл. слов., т. 78
700 1 _8rus
_7ca
_aШиринский-Шихматов
_bП.А.
_f1790-1853
_gПлатон Александрович
_3RU\NLR\AUTH\7716440
_9126080
702 0 _9z02790
_aАникита
_cШихматов, Сергий Александрович
_f1783-1837
_4570
790 1 _9z02702
_aШихматов
_bС.А.
_f1783-1837
_gСергий Александрович
801 0 _aRU
_bNLR
_gpsbo
801 0 _aRU
_bRuMoRGB
_2psbo
801 1 _aRU
_bProSoft-M
_2rusmarc
852 _aNLR
_j18.126.3.157
899 _aRuMoRGB
_jA 129/52
899 _aБАН
899 _aНБ СПбГУ
942 _cBOOK
980 _aNB